000
00334 a2200133 4500
000
nam a22 7a 4500
100
_a
Varni, Ram Prakash
110
_a
Varni, Ram Prakash
245
_a
Nirukt Vimarsha
250
_a
Latest edition
260
_b
Parimal Publication
_c
2025
264
_b
Parimal Publication
_c
2025
942
_c
BK
999
_c
395887
_d
395887